000 01147nam a22002537a 4500
003 OSt
005 20220308110457.0
008 220308b ||||| |||| 00| 0 eng d
020 _a9789355969894
040 _cAloy
041 _akan
082 _223
_a338.954K
_bSHAS
100 _aSharanappa: ಶರಣಪ್ಪ
_923055
110 _aVijayakumar N Hebbalkar: ವಿಜಯಕುಮಾರ್ ಎನ್ ಹೆಬ್ಬಾಳ್ಕರ್
_923056
245 _aSamakalina Bharatada Arthikate-2: ಸಮಕಾಲೀನ ಭಾರತದ ಆರ್ಥಿಕತೆ-2:
_bContemporarty Indian Economy-2
260 _aMumbai
_bHimalaya Publishing House
_c2022
300 _avi,264 p.
_bPB
_c21x14 cm.
650 _aNagarikarana Mattu Adalita:ನಗರೀಕರಣ ಮತ್ತು ಆಡಳಿತ
_923050
650 _aKaigarika Niti: ಕೈಗಾರಿಕಾ ನೀತಿ
_923051
650 _aHanakasu Niti: ಹಣಕಾಸು ನೀತಿ
_923052
700 _aSHARANAPPA: ಶರಣಪ್ಪ
_923053
710 _aHEBBALKAR: (Vijayakumar N): ಹೆಬ್ಬಾಳ್ಕರ್ (ವಿಜಯಕುಮಾರ್ ಎನ್)
_923054
942 _2ddc
_cBK
999 _c221754
_d221754